Project management demystified / (Record no. 3163)

MARC details
000 -LEADER
fixed length control field 00866cam a2200157 a 4500
020 ## - INTERNATIONAL STANDARD BOOK NUMBER
ISBN 0071440143 (pbk.)
050 00 - CALL NUMBER
Classification number HD69.P75
Item number K455 2004
100 1# - AUTHOR
Personal name Kemp, Sid.
245 10 - TITLE
Title Project management demystified /
Statement of responsibility, etc Sid Kemp.
260 ## - PUBLICATION INFORMATION
Place of publication New York :
Name of publisher McGraw-Hill,
Year of publication 2004.
300 ## - DESCRIPTION
Number of Pages xi, 340 p. :
Other physical details ill. ;
Dimensions 24 cm.
500 ## - NOTES
General note Includes index
505 ## - FORMATTED CONTENTS NOTE
Table of Content What is project management? --<br/>Tools to use over and over --<br/>Six keys to project success --<br/>The project and project life cycles --<br/>Concept: a good idea can be a bad project --<br/>Analysis: what does the customer want? --<br/>Design: what are we making? How will we do it? --<br/>Development: deeping on track and managing change --<br/>Transition to production: the storm period --<br/>Planning and estimation tools --<br/>Managing your team --<br/>Project quality management.
650 #0 - SUBJECTS
Topical Term Project management.
942 ## - ADDED ENTRY ELEMENTS (KOHA)
Koha item type Books
Holdings
Withdrawn status Lost status Collection code Home library Current library Shelving location Date acquired Full call number Accession Number Koha item type
    Reference Methodist University Library Main Methodist University Library Main General Stacks 04/05/2010 HD69.P75 K455 2004 31654 Books
Copyright © 2026  MUG Library